El confuso mundo del sector informal /
Guardado en:
| Autor principal: | |
|---|---|
| Formato: | Texto |
| Etiquetas: |
Agregar Etiqueta
Sin Etiquetas, Sea el primero en etiquetar este registro!
|
MARC
| LEADER | 00000 a a2200000 04500 | ||
|---|---|---|---|
| 001 | 47565 | ||
| 003 | |||
| 040 | |||
| 100 | |a Cartaya F., Vanessa | ||
| 245 | |a El confuso mundo del sector informal / |c Vanessa Cartaya F. | ||
| 246 | |a La economía del Rebusque | ||
| 773 | |g número16, (1988), páginas 25-40 | ||
| 999 | |c 38663 |d 38663 | ||
